| 000 | 01170nam0a2200325 4500 | ||
|---|---|---|---|
| 001 | RU\NLR\BIBL_A\016322018 | ||
| 005 | 20250625041506.0 | ||
| 010 | _920000 | ||
| 035 | _a(NLR Aleph) 016322018 | ||
| 090 |
_a13314697 _c13314697 |
||
| 100 | _a20230324d1960 |||y0rusy50 ca | ||
| 101 | 1 |
_alav _crus |
|
| 102 | _aLV | ||
| 105 | _aa z 000 y | ||
| 181 | 0 |
_ai _baxxe |
|
| 182 | 0 | _an | |
| 200 | 1 |
_aLakstīgalu dārzs _fAleksandrs Bloks _g[tAleksandrs Bloks ulk. A. Immermanis ; il. A[tulk. A. Immermanis ; il. Arturs Apinis]rturs Apinis] |
|
| 203 |
_aТекст _bвизуальный _cнепосредственный |
||
| 210 |
_aRīga _cLatvijas Valsts izdevniecība _d1960 |
||
| 215 |
_a[102] lpp. _cил. _d14 |
||
| 541 | 1 |
_6z01790 _aСоловьиный сад _zrus |
|
| 686 | 1 | _aШ5(2=Лат)-335 | |
| 700 | 1 |
_aБлок _bА.А. _f1880-1921 _gАлександр Александрович |
|
| 702 | 1 |
_aImermanis _bA. _f1914-1998 _gAnatols _4730 |
|
| 702 | 1 |
_aApinis _bA. _f1904-1975 _gArturs _4440 |
|
| 790 | 1 |
_6z01541 _aИмерманис _bА. _f1914-1998 _gАнатолс _4730 |
|
| 852 |
_aNLR _bОНЛ _jЛатыш./1-801 |
||
| 942 | _cBOOK | ||
| 980 | _aNB | ||